Indian standard: method of measurement of building and civil engineering works (Record no. 17817)

MARC details
000 -LEADER
fixed length control field 00648nam a2200181Ia 4500
003 - CONTROL NUMBER IDENTIFIER
control field IN-BaIIA
008 - FIXED-LENGTH DATA ELEMENTS--GENERAL INFORMATION
fixed length control field 211028s9999 xx 000 0 eng d
040 ## - CATALOGING SOURCE
Transcribing agency IIA Library
080 ## - UNIVERSAL DECIMAL CLASSIFICATION NUMBER
Universal Decimal Classification number 69.01:624
Item number IND-24
110 ## - MAIN ENTRY--CORPORATE NAME
Corporate name or jurisdiction name as entry element Bureau of Indian Standards
9 (RLIN) 20631
245 #0 - TITLE STATEMENT
Title Indian standard: method of measurement of building and civil engineering works
Remainder of title pt. 24, well foundations
Statement of responsibility, etc. Bureau of Indian Standards
260 ## - PUBLICATION, DISTRIBUTION, ETC.
Place of publication, distribution, etc. New Delhi
Name of publisher, distributor, etc. Bureau of Indian Standards
Date of publication, distribution, etc. 2003
300 ## - PHYSICAL DESCRIPTION
Extent 6p.
650 ## - SUBJECT ADDED ENTRY--TOPICAL TERM
Topical term or geographic name entry element civil engineering work
9 (RLIN) 33828
650 ## - SUBJECT ADDED ENTRY--TOPICAL TERM
Topical term or geographic name entry element Indian standard
9 (RLIN) 33829
650 ## - SUBJECT ADDED ENTRY--TOPICAL TERM
Topical term or geographic name entry element Well foundations
9 (RLIN) 33830
942 ## - ADDED ENTRY ELEMENTS (KOHA)
Koha item type Books
Holdings
Withdrawn status Lost status Damaged status Not for loan Home library Current library Shelving location Date acquired Total Checkouts Full call number Barcode Date last seen Price effective from Koha item type
        IIA Library-Bangalore IIA Library-Bangalore General Stacks 07/10/2010   69.01:624/ IND-24 18739 05/11/2021 07/10/2010 Books

Powered by Koha